Organisations, administration and functions of higher education / (Record no. 143240)

MARC details
000 -LEADER
fixed length control field 00671nam a22002057a 4500
005 - DATE AND TIME OF LATEST TRANSACTION
control field 20170811103613.0
010 ## - LCCN (DPL NO)
LC control number ENG-119666
020 ## - INTERNATIONAL STANDARD BOOK NUMBER
International Standard Book Number 9789382633310
Terms of availability 2200.00
035 ## - SYSTEM CONTROL NUMBER
System control number EN-103198
037 ## - SOURCE OF ACQUISITION
Source of stock number/acquisition DBAD/PUB
082 ## - DEWEY DECIMAL CLASSIFICATION NUMBER
Classification number 378
100 ## - MAIN ENTRY--PERSONAL NAME
Personal name Goel, Aruna
245 ## - TITLE STATEMENT
Title Organisations, administration and functions of higher education /
Statement of responsibility, etc by Aruna Goel [and] S.L. Goel
260 ## - PUBLICATION, DISTRIBUTION, ETC. (IMPRINT)
Place of publication, distribution, etc New Delhi
Name of publisher, distributor, etc Deep and Deep Publications Pvt.Ltd.
Date of publication, distribution, etc 2010
270 ## - ADDRESS
Address F-159, Rajouri Garden,
City New Delhi
Postal code 110027
300 ## - PHYSICAL DESCRIPTION
Extent Iiv,522p.
Dimensions 25cm(Hb)
500 ## - GENERAL NOTE
General note Includes bibliographical references and index
700 ## - ADDED ENTRY--PERSONAL NAME
Dates associated with a name Goel, S.L.
942 ## - ADDED ENTRY ELEMENTS (KOHA)
Source of classification or shelving scheme Dewey Decimal Classification
Item type English Books
Classification part 378
Call number suffix GOE
Holdings
Withdrawn status Lost status Not for loan Collection code Home library Current library Date acquired Source of acquisition Cost, normal purchase price Full call number Barcode Copy number Cost, replacement price Koha item type
    Not For Loan Non-fiction D.B.Act.Division D.B.Act.Division 10/08/2017 DBAD/PUB 2200.00 378 GOE EN-103198 1 2200.00 English Books

© Delhi Public Library
Hit Counter
free hit counter